[Event "POL-chT 2nd League-4 2020"]
[Site "Poronin"]
[Date "2020.09.13"]
[Round "9.5"]
[White "Kurpiewski, Slawomir"]
[Black "Szmyd, Marek"]
[Result "1/2-1/2"]
[WhiteElo "1943"]
[BlackElo "1874"]
[Annotator "NA"]
[PlyCount "30"]
[EventDate "2020.09.05"]
[EventType "team-tourn"]
[EventCountry "POL"]
[SourceTitle "playchess.com"]
[Source "ChessBase"]
[SourceQuality "1"]
[TimeControl "40/5400+30:900+30"]

1. f4 {[%emt 0:00:11]} d5 {[%emt 0:02:44]} 2. Nf3 {[%emt 0:00:13]} Nf6 {[%emt 0:00:59]} 3. g3 {[%emt 0:00:20]} c5 {[%emt 0:01:19]} 4. Bg2 {[%emt 0:00:08]} Nc6 {[%emt 0:00:56]} 5. O-O {[%emt 0:00:08]} e6 {[%emt 0:00:17]} 6. d3 {[%emt 0:00:08]} Be7 {[%emt 0:00:55]} 7. e4 {[%emt 0:00:13]} d4 {[%emt 0:05:07]} 8. h3 {[%emt 0:00:52]} Qc7 {[%emt 0:08:27]} 9. a4 {[%emt 0:00:35]} b6 {[%emt 0:14:26]} 10. Na3 {[%emt 0:00:12]} Ba6 {[%emt 0:00:24]} ({Black should play} 10... O-O $11) 11. Nd2 {[%emt 0:10:03]} e5 {[%emt 0:05:04]} 12. Ndc4 {[%emt 0:00:37]} Nd7 {[%emt 0:02:51]} 13. Nb5 $16 {[%emt 0:00:37]} Bxb5 {[%emt 0:05:02]} 14. axb5 {[%emt 0:00:14]} Nd8 {[%emt 0:02:12]} 15. Qf3 {[%emt 0:14:02]} Bf8 1/2-1/2

[Event "POL-chT 2nd League-4 2020"]
[Site "Poronin"]
[Date "2020.09.13"]
[Round "9.6"]
[White "Czaplewska, Klara"]
[Black "Dabrowska, Aleksandra"]
[Result "1/2-1/2"]
[WhiteElo "1875"]
[BlackElo "1566"]
[Annotator "NA"]
[PlyCount "37"]
[EventDate "2020.09.05"]
[EventType "team-tourn"]
[EventCountry "POL"]
[SourceTitle "playchess.com"]
[Source "ChessBase"]
[SourceQuality "1"]
[TimeControl "40/5400+30:900+30"]

1. d4 {[%emt 0:00:00]} Nf6 {[%emt 0:00:00]} 2. g3 {[%emt 0:00:00]} g6 {[%emt 0:00:00]} 3. Bg2 {[%emt 0:00:00]} Bg7 {[%emt 0:00:00]} 4. e4 {[%emt 0:00:07]} d6 {[%emt 0:00:00]} 5. Ne2 {[%emt 0:00:26]} O-O {[%emt 0:00:24]} 6. Nbc3 {[%emt 0:00:24]} a6 {[%emt 0:01:38]} 7. h3 {[%emt 0:01:55]} e5 {[%emt 0:00:47]} 8. Be3 {[%emt 0:01:15]} Nbd7 {[%emt 0:04:22]} 9. O-O {[%emt 0:00:53]} Re8 {[%emt 0:04:38]} 10. f4 {[%emt 0:06:11]} exd4 {[%emt 0:01:45]} 11. Bxd4 {[%emt 0:01:28]} ({Much weaker is} 11. Nxd4 Nxe4 12. Nxe4 (12. Bxe4 d5 $15) 12... d5 $11) 11... Qe7 {[%emt 0:03:17]} 12. g4 {[%emt 0:07:49]} h6 {[%emt 0:04:02]} 13. Ng3 {[%emt 0:01:26]} Nh7 {[%emt 0:11:05]} 14. Bxg7 {[%emt 0:01:00]} Kxg7 {[%emt 0:00:23]} 15. Qd4+ $16 {[%emt 0:01:16]} Kg8 {[%emt 0:02:34]} 16. Rad1 {[%emt 0:01:13]} Ndf6 {[%emt 0:02:30]} 17. Nd5 {[%emt 0:00:55]} Nxd5 {[%emt 0:00:53]} 18. exd5 {[%emt 0:00:30]} Qe3+ {[%emt 0:05:47]} 19. Qxe3 {[%emt 0:00:12]} 1/2-1/2

[Event "POL-chT 2nd League-4 2020"]
[Site "Poronin"]
[Date "2020.09.13"]
[Round "9.7"]
[White "Krzywda, Andrzej"]
[Black "Swiech, Przemyslaw"]
[Result "1-0"]
[WhiteElo "2122"]
[BlackElo "2180"]
[Annotator "TA"]
[PlyCount "93"]
[EventDate "2020.09.05"]
[EventType "team-tourn"]
[EventCountry "POL"]
[SourceTitle "playchess.com"]
[Source "ChessBase"]
[SourceQuality "1"]

{[%evp 21,93,50,51,27,27,21,49,0,5,14,20,8,49,20,22,26,37,32,33,45,22,0,158,129,277,16,233,0,0,-13,-27,-12,0,-86,-18,-18,-9,-8,0,0,0,-175,-187,-204,900,872,769,556,6547,6513,6513,6514,6506,6504,5326,5293,6179,6102,29969,29971,29972,29965,29975,29975,29978,29979,29979,29977,29977,29978,29978,29979,29986,29986]} 1. e4 c5 2. Nf3 Nc6 3. d4 cxd4 4. Nxd4 e5 5. Nb5 d6 6. c4 Be7 7. N1c3 a6 8. Na3 Be6 9. Be2 Bg5 10. O-O h6 11. Nc2 Nge7 12. Be3 {[#] B32: Sicilian: Löwenthal and Kalashnikov Variations.} Rc8 $146 ({Predecessor:} 12... Bxe3 13. fxe3 O-O 14. b3 Rc8 15. Qd2 Qa5 16. Rfd1 Rfd8 17. Rac1 Kf8 18. Ne1 Rb8 19. Nd3 b5 20. cxb5 axb5 {0-1 (58) Norgaard,J (2406)-Espinosa Flores,R (2415) Merida 2003}) 13. Bg4 Qd7 14. h3 {White is slightly better.} Bxe3 15. Nxe3 O-O 16. Ncd5 {With the idea Nb6.} Bxg4 17. hxg4 Nxd5 18. Nxd5 Qd8 19. Rc1 Re8 20. Rc3 Nd4 21. f4 {Threatening g5!} b5 $2 {[#]} (21... Ne6 $11) 22. g5 $1 $16 {[%cal Rg5h6][%mdl 512] aiming for gxh6.} Rxc4 (22... Ne6 $16) (22... hxg5 23. fxe5) 23. fxe5 $2 (23. gxh6 $18 g6 24. Rxc4 bxc4 25. fxe5 dxe5 26. Nf6+ Kh8 27. Nxe8 Qxe8 28. Qg4) 23... dxe5 $2 (23... Rxc3 $11 {and Black is okay.} 24. bxc3 Nc6) 24. gxh6 $2 (24. Qh5 $1 $18 {[%cal Rh5f7]} Kh8 25. Rh3 (25. gxh6 g6 $14) (25. Rxf7 Qxg5 26. Qxg5 hxg5 $11)) 24... Qg5 $11 25. h7+ Kh8 $1 26. Rxf7 Qg6 27. Rf1 {[#]} (27. Rf2 $11 {remains equal.}) 27... Qxe4 (27... Rxc3 $1 $17 28. Nxc3 b4) 28. Qh5 Ne2+ 29. Kh2 $132 {[%mdl 2048] White is not keeping still} Rd8 30. Rxc4 bxc4 31. Ne7 $2 {[#]} (31. Re1 $11) 31... Nf4 $1 $19 {[%csl Gf4][%cal Re4g2][%mdl 576] Double Attack} 32. Qg4 Rd7 $4 {[%mdl 8192] [#]} ({Don't do} 32... Qxh7+ 33. Kg1) (32... g5 $19 33. Rh1 Rf8) 33. Rxf4 $1 $18 {Intending Rf8+ and mate.} Qxh7+ 34. Qh4 {[%cal Rf4f8]} exf4 {[%mdl 4096] Endgame KQR-KQN} 35. Ng6+ $1 {[%mdl 64] Double Attack} Kg8 36. Qxh7+ {[%mdl 64] Overworked Piece} Kxh7 {KR-KN} 37. Nf8+ {[%mdl 64] Double Attack} Kh6 38. Nxd7 {KN-KP} Kg5 39. Ne5 Kf5 40. Nxc4 {KN-K3P. White mates.} Ke4 41. Kh3 Kf5 42. b4 g5 43. a4 {[%cal Ba2a4,Ba4b5][%mdl 32]} g4+ 44. Kh2 Ke4 45. b5 axb5 46. axb5 Kd3 47. Ne5+ {Quite a comeback for White. Accuracy: White = 73%, Black = 53%.} 1-0

[Event "POL-chT 2nd League-4 2020"]
[Site "Poronin"]
[Date "2020.09.13"]
[Round "9.8"]
[White "Bednarczyk, Damian"]
[Black "Szymanski, Piotr"]
[Result "1-0"]
[WhiteElo "2258"]
[BlackElo "2234"]
[Annotator "TA"]
[PlyCount "115"]
[EventDate "2020.09.05"]
[EventType "team-tourn"]
[EventCountry "POL"]
[SourceTitle "playchess.com"]
[Source "ChessBase"]
[SourceQuality "1"]

{[%evp 17,115,-54,-9,-212,-19,-41,-36,-35,-28,-25,6,6,11,17,35,14,24,15,28,12,12,12,12,13,27,12,19,12,9,13,77,32,46,26,25,35,31,43,112,106,128,127,132,116,233,233,225,200,257,246,246,239,227,233,297,264,300,333,309,281,306,293,343,0,115,0,332,325,297,289,319,310,343,341,922,834,454,709,674,613,587,539,463,444,5527,29963,29966,29969,29977,29978,29978,29978,29978,29979,29979,29980,29980,29981,29981,29982]} 1. e4 g6 2. f4 Bg7 3. Nc3 c5 4. Nf3 Nc6 5. Bc4 e6 6. d3 Nge7 7. Bb3 d5 8. O-O O-O 9. Qe1 Nd4 10. e5 $2 {[#] B23: Closed Sicilian: Lines without g3.} (10. Nxd4 $1 $11 cxd4 11. Nd1) 10... Nef5 $2 ({Black should try} 10... Nxf3+ $1 $19 11. Rxf3 f6) 11. Ne2 Nxf3+ 12. Rxf3 {[#] Black is slightly better.} f6 $146 ({Predecessor:} 12... c4 13. dxc4 dxc4 14. Bxc4 b5 15. Bd3 Bb7 16. Rh3 f6 17. exf6 Bxf6 18. Nc3 Qb6+ {1-0 (42) Onur,C (1814)-Soyek,R (2027) Antalya 2017}) 13. g4 Nd4 (13... Ne7 {keeps more tension.} 14. exf6 Rxf6 15. c3 Rf7 16. Qf2 b6) 14. Nxd4 cxd4 15. exf6 Qxf6 16. Qg3 Bd7 17. Bd2 Kh8 18. Re1 a5 {And now ...a4 would win.} 19. f5 gxf5 20. gxf5 exf5 ({Of course not} 20... a4 $6 21. Bg5 $16) 21. Bxd5 Bc6 $1 {[%cal Rc6d5]} 22. Bg5 $36 {[%mdl 2048] White has good play.} Qg6 23. Bxc6 bxc6 (23... Qxc6 $11 {remains equal.} 24. Rf2 Rae8 25. Rxe8 Rxe8) 24. Bf4 Rfe8 {...Rxe1+ is the strong threat.} 25. Rff1 a4 26. Kf2 Qf7 27. Rg1 Rxe1 (27... c5 $14) 28. Rxe1 $16 Re8 29. Rxe8+ Qxe8 30. Qg5 Qf7 (30... Qd7 $16) 31. Qd8+ $18 Qg8 32. Qd7 Qxa2 33. Qc8+ ({Don't do} 33. Qxc6 $6 h6 $16) (33. Qxf5 Qg8 $16) 33... Qg8 34. Qxc6 (34. Qxf5 Qe8 $14) 34... Qd8 35. Qxa4 h5 36. Qc6 Qh4+ 37. Bg3 Qg5 38. Qf3 Qd2+ 39. Qe2 Qg5 40. Qf3 $2 (40. h4 $18 {is more deadly.} Qh6 41. Qe8+ Kh7 42. Kf3) 40... Qd2+ $1 $16 41. Qe2 $2 (41. Kf1 $16) 41... Qg5 $18 {Black is on the road to losing.} 42. Qe8+ Kh7 {[#]} 43. h4 $1 {[%cal Rh4g5]} Qc1 44. Qxh5+ {[%mdl 64] Double Attack} Kg8 45. Qe2 ({Not} 45. Qxf5 Qxc2+ 46. Kf3 Qxb2 $18) 45... Qxb2 $2 (45... Bf6 46. Qe6+ Kg7 47. Qxf5 Qxc2+ 48. Kf3 Qd1+ 49. Kg2 Qb1) 46. Qe6+ {[%mdl 64] Double Attack} Kh7 47. Qxf5+ Kg8 48. Qc8+ Kh7 49. Bf4 Qb5 50. Kg3 Qd5 (50... Qh5 $142 51. Qg4 Qe8 52. Qf5+ Kh8) 51. Qe8 Qc5 {White mates.} 52. h5 Qb6 {[#]} 53. h6 $1 Bxh6 54. Qf7+ Bg7 55. Be5 $1 {[%csl Ge5][%cal Rf7g7]} Qh6 56. Qxg7+ Qxg7+ 57. Bxg7 Kxg7 58. Kf4 {Accuracy: White = 85%, Black = 55%.} 1-0

[Event "POL-chT 2nd League-4 2020"]
[Site "Poronin"]
[Date "2020.09.13"]
[Round "9.9"]
[White "Malecki, Rafal"]
[Black "Mirski, Michal"]
[Result "1-0"]
[WhiteElo "2025"]
[BlackElo "2032"]
[Annotator "TA"]
[PlyCount "83"]
[EventDate "2020.09.05"]
[EventType "team-tourn"]
[EventCountry "POL"]
[SourceTitle "playchess.com"]
[Source "ChessBase"]
[SourceQuality "1"]

{[%evp 9,83,-39,0,-3,53,-16,66,7,18,0,41,41,47,8,57,56,83,0,33,0,0,-16,0,-35,-35,-31,-11,-21,0,-40,-6,-21,-10,-114,-33,-38,-21,-28,281,281,277,272,1212,1207,29984,29985,1312,423,435,436,460,0,0,0,432,381,362,373,352,356,356,350,344,326,321,252,301,294,660,402,400,397,389,389,529,527]} 1. e4 c5 2. Nf3 Nc6 3. d3 Nf6 4. g3 d5 5. Nbd2 dxe4 6. dxe4 {B29: Sicilian: 2 Nf3 Nf6 (Nimzowitsch Variation).} e5 (6... Bg4 $11) 7. Bg2 ({White should play} 7. Bb5 $14) 7... Bd6 (7... Be7 $11) 8. O-O (8. Nc4 $14 Bc7 9. Qxd8+ Kxd8 10. Bg5) 8... O-O 9. c3 Qe7 {[#]} 10. Nh4 $146 ({Predecessor:} 10. Qe2 Bc7 11. Nc4 Rd8 12. Bg5 h6 13. Bxf6 Qxf6 14. Ne3 Ne7 15. Nh4 g6 16. Rfd1 {0-1 (55) Binder,A (1882)-Campini,M (2098) Arco 2012}) 10... Bc7 11. Nc4 {[%cal Bd2c4,Bc4e3,Be3f5][%mdl 32]} Be6 (11... Rd8 $5 {[%cal Rd8d1]} 12. Qc2 Be6 $11) 12. Ne3 Rfd8 13. Qf3 (13. Nd5 $16 Nxd5 14. exd5) 13... Rd7 14. Nef5 Qf8 15. Be3 Ne8 16. Bh3 Kh8 17. g4 Rad8 18. g5 Rd3 19. Qg2 c4 20. Bg4 Bb6 21. g6 (21. Bxb6 $11 axb6 22. Ne3) 21... Bxe3 ({But not} 21... fxg6 $2 22. Nxg6+ $1 {[%mdl 512]} hxg6 23. Ne7 $1 $18 {[%mdl 512]}) ({Black should try} 21... Nf6 $1 $17 {[%cal Rf6g4]} 22. Be2 fxg6 23. Bxd3 cxd3 24. Bxb6 axb6) 22. fxe3 $15 Nf6 ({Don't blunder} 22... fxg6 $2 {[#]} 23. Nxg6+ $1 {[%mdl 512]} hxg6 24. Qh3+ Kg8 25. Nh6+ $1 {[%mdl 512]} gxh6 26. Bxe6+ Kg7 27. Rxf8 $18) 23. Nh6 $1 {Strongly threatening Bxe6.} Nxg4 $4 {[%mdl 8192]} (23... Qc5 $1 $11 {and Black stays safe.} 24. Bxe6 Qxe3+ {[%mdl 64] Double Attack} 25. Qf2 Qxh6 26. gxf7 Rf8) 24. Nxf7+ $18 {[%mdl 64] Overworked Piece} Bxf7 25. Qxg4 Qc5 $2 (25... hxg6 26. Nxg6+ Bxg6 27. Rxf8+ Rxf8) 26. gxf7 {Threatening mate with Ng6+!} g6 {[#]} 27. Nxg6+ $1 {[%mdl 512]} hxg6 28. Qh4+ (28. Qxg6 $142 {[%cal Rg6h6]} Qxe3+ 29. Kh1) 28... Kg7 29. Qf6+ Kh7 30. Qh4+ Kg7 31. Qf6+ $40 {[%mdl 128] White has some attack.} Kh7 32. f8=N+ Rxf8 33. Qxf8 {[%cal Rf1f7]} Qxe3+ 34. Qf2 Qxe4 35. Rae1 Qg4+ 36. Kh1 {Hoping for Qf7+.} Rd7 37. Rg1 Qf4 38. Qg2 Rg7 $2 (38... Qf5 39. Re4 Qe6 40. Rxc4 Kg7) 39. Re4 Qf5 40. Rh4+ Kg8 41. Rxc4 g5 42. Rg4 {Accuracy: White = 60%, Black = 37%.} 1-0

[Event "POL-chT 2nd League-4 2020"]
[Site "Poronin"]
[Date "2020.09.13"]
[Round "9.10"]
[White "Lapczynski, Artur"]
[Black "Bachorczyk, Marcin"]
[Result "1-0"]
[WhiteElo "2059"]
[BlackElo "2074"]
[Annotator "TA"]
[PlyCount "91"]
[EventDate "2020.09.05"]
[EventType "team-tourn"]
[EventCountry "POL"]
[SourceTitle "playchess.com"]
[Source "ChessBase"]
[SourceQuality "1"]

{[%evp 13,91,63,71,52,46,43,55,57,75,96,95,60,64,63,77,83,101,99,140,95,95,93,137,76,99,0,97,72,98,86,113,77,107,58,53,0,0,0,0,0,291,277,317,303,312,291,300,216,335,310,470,506,477,489,484,469,561,582,582,400,581,564,601,585,683,677,1109,1061,29983,29984,29993,29994,29995,29992,29992,29993,29993,29994,29994,29994]} 1. d4 Nf6 2. c4 d6 3. Nc3 Nbd7 4. e4 e5 5. d5 g6 6. Be3 Bg7 7. f3 a5 8. Bd3 {E80: King's Indian: Sämisch: Lines without early ...0-0.} Nc5 9. Bc2 Nh5 10. Nge2 {White is slightly better.} f5 11. exf5 gxf5 {[#]} 12. g3 $146 ({Predecessor:} 12. Qd2 Bd7 13. O-O-O Nf6 14. Bxc5 dxc5 15. Qg5 O-O 16. Bxf5 Bxf5 17. Qxf5 Ne8 18. Qd3 {1-0 (65) Misanovic,V (2260)-Petrovic,M (2295) Zlatibor 1989}) 12... O-O 13. Qd2 Nf6 14. O-O-O Qe8 15. Nb5 {Threatens to win with Bxc5.} Qf7 16. h3 e4 17. f4 b6 18. b3 (18. Rdg1 $142) 18... Re8 19. Rdg1 (19. a4 $16) 19... Re7 (19... a4 $1 $11) 20. Ned4 h5 21. a3 Re8 22. Kd1 Kf8 23. Ke2 Nd3 24. Bxd3 ({White should play} 24. Kf1 $14) 24... exd3+ $11 25. Qxd3 Ne4 26. Kf3 Qg6 $2 {[%mdl 8192] White now steadily converts the win.} (26... Nc5 $11 27. Qe2 Bxd4 28. Nxd4 Qe7) 27. Nxc7 $18 {[%mdl 64] [#] Double Attack} Nc5 28. Qd2 Bd7 29. Nxa8 Rxa8 30. Nc6 {Strongly threatening Bxc5.} Nxb3 (30... Ne4 $142 31. Qd3 Re8 32. Bxb6 Bh6) 31. Qd3 Nc5 (31... a4 $142 32. Bxb6 Rc8) 32. Bxc5 bxc5 33. Rb1 h4 34. gxh4 Qh5+ 35. Kg3 Bf6 36. Qf3 Qxh4+ (36... Bxh4+ $142 37. Kg2 Qxf3+ 38. Kxf3 Be8) 37. Kh2 Be8 38. Qg3 Qh7 39. Rhg1 Bh4 40. Qe3 a4 41. Qe6 {White mates.} Bd7 42. Qxd6+ {[%mdl 64] Double Attack} Ke8 43. Rb8+ Rxb8 44. Qxb8+ Kf7 45. Ne5+ {[%mdl 64] Double Attack} Ke7 {[#]} 46. Qc7 $1 {Accuracy: White = 67%, Black = 50%.} 1-0

[Event "POL-chT 2nd League-4 2020"]
[Site "Poronin"]
[Date "2020.09.13"]
[Round "9.11"]
[White "Szajda, Marcin"]
[Black "Rainer, Piotr"]
[Result "1-0"]
[WhiteElo "1942"]
[BlackElo "1641"]
[Annotator "NA"]
[PlyCount "89"]
[EventDate "2020.09.05"]
[EventType "team-tourn"]
[EventCountry "POL"]
[SourceTitle "playchess.com"]
[Source "ChessBase"]
[SourceQuality "1"]
[TimeControl "40/5400+30:900+30"]

1. e4 {[%emt 0:06:30]} c5 {[%emt 0:00:00]} 2. Nf3 {[%emt 0:00:08]} Nc6 {[%emt 0:00:29]} 3. d4 {[%emt 0:00:06]} cxd4 {[%emt 0:00:16]} 4. Nxd4 {[%emt 0:00:07]} e5 {[%emt 0:00:10]} 5. Nb5 {[%emt 0:00:29]} d6 {[%emt 0:01:48]} 6. c4 {[%emt 0:03:04]} Be7 {[%emt 0:02:44]} 7. N1c3 {[%emt 0:00:52]} a6 {[%emt 0:02:56]} 8. Na3 {[%emt 0:00:39]} Nf6 {[%emt 0:01:48]} 9. Nc2 {[%emt 0:01:47]} O-O {[%emt 0:02:45]} 10. Be2 {[%emt 0:00:51]} Ne8 {[%emt 0:06:19]} 11. O-O {[%emt 0:06:42]} Bg5 {[%emt 0:05:58]} 12. b3 {[%emt 0:10:01]} Bxc1 {[%emt 0:05:38]} 13. Qxc1 {[%emt 0:00:27]} Qh4 {[%emt 0:01:26]} 14. f4 {[%emt 0:16:05]} f5 $16 {[%emt 0:10:36]} 15. g3 {[%emt 0:07:27]} Qh6 {[%emt 0:07:59]} 16. Qe3 {[%emt 0:05:45]} fxe4 {[%emt 0:04:05]} 17. fxe5 {[%emt 0:05:06]} Qxe3+ {[%emt 0:04:54]} 18. Nxe3 {[%emt 0:00:05]} Rxf1+ {[%emt 0:00:08]} 19. Rxf1 {[%emt 0:02:37]} Bh3 {[%emt 0:01:08]} 20. Rd1 {[%emt 0:03:56]} dxe5 {[%emt 0:02:42]} 21. Nxe4 {[%emt 0:00:28]} Nd4 {[%emt 0:01:36]} 22. Bg4 {[%emt 0:02:02]} Nc2 {[%emt 0:09:41]} 23. Bxh3 {[%emt 0:04:48]} Nxe3 {[%emt 0:00:05]} 24. Be6+ {[%emt 0:02:58]} Kh8 {[%emt 0:00:17]} 25. Rd3 {[%emt 0:05:54]} Nc2 {[%emt 0:05:10]} 26. Rd7 {[%emt 0:01:49]} b5 {[%emt 0:01:21]} 27. c5 {[%emt 0:04:09]} Nd4 {[%emt 0:02:57]} 28. Bd5 {[%emt 0:00:29]} Rc8 {[%emt 0:03:43]} 29. Bb7 {[%emt 0:01:30]} Rb8 {[%emt 0:00:07]} 30. c6 {[%emt 0:03:58]} Ne6 {[%emt 0:04:29]} 31. Nd6 {[%emt 0:00:26]} Nc5 {[%emt 0:06:08]} 32. Nxe8 {[%emt 0:02:58]} Rxe8 {[%emt 0:00:06]} 33. Rd5 {[%emt 0:00:57]} Ne6 {[%emt 0:04:55]} 34. Rxe5 {[%emt 0:00:07]} Kg8 {[%emt 0:01:02]} 35. Rxe6 {[%emt 0:00:17]} Rxe6 {[%emt 0:01:12]} 36. c7 {[%emt 0:00:03]} Re1+ {[%emt 0:00:14]} 37. Kf2 {[%emt 0:00:06]} Rc1 {[%emt 0:00:04]} 38. c8=Q+ {[%emt 0:00:04]} Rxc8 {[%emt 0:00:06]} 39. Bxc8 {[%emt 0:00:02]} a5 {[%emt 0:00:09]} 40. Ke3 {[%emt 0:00:00]} Kf7 {[%emt 0:00:00]} 41. Kd4 {[%emt 0:00:22]} a4 {[%emt 0:00:57]} 42. b4 {[%emt 0:00:17]} Ke7 {[%emt 0:00:27]} 43. Ba6 {[%emt 0:00:05]} Kd6 {[%emt 0:00:08]} 44. Bxb5 {[%emt 0:00:05]} Kc7 {[%emt 0:00:17]} 45. Bxa4 {[%emt 0:00:04]} 1-0

[Event "POL-chT 2nd League-4 2020"]
[Site "Poronin"]
[Date "2020.09.13"]
[Round "9.12"]
[White "Gaczol, Julia"]
[Black "Chmiel, Dominika"]
[Result "0-1"]
[WhiteElo "1330"]
[BlackElo "2023"]
[Annotator "NA RC"]
[PlyCount "170"]
[EventDate "2020.09.05"]
[EventType "team-tourn"]
[EventCountry "POL"]
[SourceTitle "playchess.com"]
[Source "ChessBase"]
[SourceQuality "1"]
[TimeControl "40/5400+30:900+30"]

1. e4 e5 2. Nf3 Nc6 3. d4 exd4 4. Nxd4 Bc5 5. Nb3 Bb6 6. Nc3 d6 7. Qe2 h6 {C45: Scotch Game.} 8. Be3 Nf6 9. O-O-O Be6 10. f3 Qe7 11. Kb1 O-O-O {[#]} 12. g3 $146 ({Predecessor:} 12. Bxb6 axb6 13. Qb5 Bxb3 14. axb3 Qe5 15. Bc4 Qxb5 16. Nxb5 Ne5 17. Nd4 Nxc4 18. bxc4 {½-½ (41) Doan,V (2141)-Dang,H Bac Giang 2020}) 12... Kb8 13. Bg2 Bxe3 14. Qxe3 Bxb3 15. cxb3 d5 $1 16. Ne2 dxe4 17. fxe4 Ng4 18. Qf4 Nge5 (18... Rxd1+ $17 19. Rxd1 Rd8) 19. Rhf1 Rxd1+ 20. Rxd1 Rd8 21. Rxd8+ Qxd8 22. Qc1 Qd3+ 23. Qc2 Qe3 24. a3 Nd3 25. Qd1 a6 26. Kc2 Nc5 27. b4 Qb3+ 28. Kc1 Qe3+ 29. Kc2 Nxe4 30. Qd3 Qxd3+ 31. Kxd3 Nf2+ 32. Kd2 Ne5 33. h3 Nc4+ 34. Kc3 Ne3 35. Bf3 Nf5 36. Kd2 Nd6 37. h4 Nfe4+ 38. Ke3 Nf6 39. b3 c6 40. Nd4 Kc7 41. Kf4 Kd7 42. g4 Ke7 43. Bg2 Nfe8 44. Bf3 Nc7 45. a4 Ne6+ 46. Nxe6 Kxe6 47. h5 g5+ 48. hxg6 fxg6 49. g5 hxg5+ 50. Kxg5 Nf7+ 51. Kf4 Kf6 52. Be4 Nd6 53. Bd3 g5+ 54. Kg4 Nf7 55. Kg3 Ke5 56. Kg4 Kd4 57. Be2 Kc3 58. b5 axb5 59. axb5 c5 60. b6 Kxb3 61. Bd1+ Kb4 62. Kf5 Kb5 63. Ke6 Nd8+ 64. Kd7 Nc6 65. Kc7 Na5 66. Bf3 Ka6 67. Be2+ c4 68. Bf3 g4 69. Bxg4 Kb5 70. Bd1 c3 71. Kd6 Kb4 72. Kd5 Ka3 73. Kd4 Kb2 74. Kd3 Nc6 75. Ba4 Nb4+ 76. Kc4 c2 77. Bxc2 Nxc2 78. Kc5 Na1 79. Kb4 Nb3 80. Kc4 Na5+ 81. Kb4 (81. Kb5 $11) 81... Nc6+ 82. Ka4 Kc3 83. Kb5 Kd4 84. Ka4 Kc5 85. Kb3 Kxb6 0-1

[Event "POL-chT 2nd League-4 2020"]
[Site "Poronin"]
[Date "2020.09.13"]
[Round "9.13"]
[White "Kaminski, Piotr"]
[Black "Miasik, Adrian"]
[Result "1-0"]
[WhiteElo "2099"]
[BlackElo "1958"]
[Annotator "TA"]
[PlyCount "107"]
[EventDate "2020.09.05"]
[EventType "team-tourn"]
[EventCountry "POL"]
[SourceTitle "playchess.com"]
[Source "ChessBase"]
[SourceQuality "1"]

{[%evp 22,107,2,0,0,-11,-12,-83,0,-95,-47,-183,-56,-47,-16,-16,-16,-20,-19,-101,-45,-179,-19,-18,-17,-58,-29,-49,22,0,0,0,0,0,0,0,0,0,0,-35,0,0,0,0,429,772,779,801,787,763,678,600,1593,1595,1539,1512,931,754,1284,1093,5956,4134,29968,29969,29969,29967,29973,29974,29977,29977,29977,29977,29978,29979,29980,29981,29981,29982,29984,29982,29982,29983,29983,29984,29984,29985,29986,29987]} 1. d4 d5 2. c4 e6 3. Nf3 c5 4. cxd5 exd5 5. g3 Nc6 6. Bg2 Nf6 7. O-O Be7 8. dxc5 Bxc5 9. Qc2 Bb6 10. Rd1 O-O 11. Bg5 Be6 12. Nc3 h6 {D30: Queen's Gambit Declined: Systems without Nc3.} 13. Bf4 Rc8 {[#]} 14. Qa4 $146 (14. e3 $11) ({Predecessor:} 14. Rd2 Qe7 15. Rad1 Rfd8 16. Qb1 Ng4 17. e4 d4 18. Nb5 g5 19. Bd6 Rxd6 20. Nxd6 Qxd6 {0-1 (28) Sigurdarson,L-Maggason,O (1826) Reykjavik 2020}) 14... Qe7 (14... Ng4 $1 $17 {[%cal Rg4f2]} 15. Rf1 g5) 15. Rac1 (15. e3 $11 {remains equal.}) 15... Rfd8 16. Qb5 ({White should try} 16. e3 $15) 16... Ng4 (16... Ne4 $1 $19 17. Rf1 g5) 17. Rf1 $1 $15 g5 18. Bd2 d4 19. Na4 $1 Rd5 20. Qb3 (20. Qd3 $1 $11 {keeps the balance.}) 20... Ba5 (20... Bd8 $1 $17 {...b5 is the strong threat.} 21. Bh3 h5 22. Nxg5 Rxg5 23. Bxg5 Qxg5 24. Qxb7 Rc7) 21. Qd1 {[#]} ({Better is} 21. Bxa5 $15 Rxa5 22. Qd1) 21... Bxd2 $2 (21... Ne3 $1 $19 {[%cal Re3d1][%mdl 512]} 22. fxe3 (22. Bxe3 dxe3) 22... dxe3) 22. Nxd2 $11 Ra5 23. b3 Nge5 $1 24. Nf3 b5 (24... Nxf3+ $15 25. Bxf3 Bd5) 25. Nc5 (25. Nxe5 {keeps more tension.} Nxe5 26. Rxc8+ Bxc8 27. Qd2 Ra6 28. Rc1) 25... Rxa2 26. Nxe6 Qxe6 27. Nxe5 Nxe5 28. Qxd4 Rxc1 29. Rxc1 Rxe2 30. Bd5 {And now Kf1 would win.} ({But not} 30. Qd8+ Kg7 $17) 30... Qf5 31. Kf1 {[#]} Rxf2+ $1 {[%mdl 576] Decoy} 32. Qxf2 Qxf2+ $4 {[%mdl 8192] White stays focused until the end.} (32... Qd3+ $11 33. Kg1 Qxd5) 33. Kxf2 $18 Nd3+ 34. Ke3 Nxc1 {[%mdl 4096] Endgame [#] KB-KN} 35. b4 $1 Kg7 36. Kd2 f5 37. Kxc1 {KB-KP} Kf6 38. Bc6 Ke5 39. Bxb5 Ke4 40. Bd7 f4 41. gxf4 gxf4 {KB-K3P} 42. Kd2 {White mates.} Kf3 43. Bc6+ Kg4 44. Ke2 h5 45. Bf3+ Kh4 46. Kd3 Kh3 47. Bxh5 Kxh2 {KB-KPP} 48. Kc4 Kg3 49. Kb5 f3 50. Ka6 f2 51. Be2 Kf4 52. Kxa7 Ke3 53. Bf1 Kd4 54. b5 {Accuracy: White = 70%, Black = 54%.} 1-0